Psychology : an introduction (Record no. 6842)

000 -LEADER
fixed length control field 00453 a2200169 4500
020 ## - INTERNATIONAL STANDARD BOOK NUMBER
International Standard Book Number 0697362442
020 ## - INTERNATIONAL STANDARD BOOK NUMBER
International Standard Book Number 0072358297
040 ## - CATALOGING SOURCE
Original cataloging agency DLC
Language of cataloging DLC
082 00 - DEWEY DECIMAL CLASSIFICATION NUMBER
Classification number 150
100 1# - MAIN ENTRY--PERSONAL NAME
Personal name Lahey, Benjamin B.
245 10 - TITLE STATEMENT
Title Psychology : an introduction
Statement of responsibility, etc. Benjamin B. Lahey.
250 ## - EDITION STATEMENT
Edition statement 7th ed.
260 ## - PUBLICATION, DISTRIBUTION, ETC.
Place of publication, distribution, etc. Boston :
Name of publisher, distributor, etc. McGraw Hill,
Date of publication, distribution, etc. c2001.
300 ## - PHYSICAL DESCRIPTION
Extent 1 v. (various pagings) :
Other physical details ill. (some col.) ;
Dimensions 28 cm.
650 #0 - SUBJECT ADDED ENTRY--TOPICAL TERM
Topical term or geographic name entry element Psychology
942 ## - ADDED ENTRY ELEMENTS (KOHA)
Koha item type Book
Call number prefix 150 LAH
Source of classification or shelving scheme
Holdings
Withdrawn status Lost status Damaged status Not for loan Collection code Permanent Location Current Location Shelving location Date acquired Source of acquisition Cost, normal purchase price Total Checkouts Full call number Barcode Date last seen Date last checked out Price effective from Koha item type
          Central Library (CL) Central Library (CL) General Stacks 01/17/2004 Donation 0.00 3 150 LAH SEECS004163 12/15/2022 11/30/2022 01/05/2017 Book
© 2023 Central Library, National University of Sciences and Technology. All Rights Reserved.